000 00576nam a2200193Ia 4500
008 240729s9999 xx 000 0 und d
022 _a2792-0070
245 0 _aNeuropsychiatric Investigation
260 _aTürkiye
260 _bIUC University Press
650 _a Internal medicine
650 _a Neurology. Diseases of the nervous system
650 _a Neurosciences. Biological psychiatry. Neuropsychiatry
650 _a Psychiatry
650 _aMedicine
856 _uhttps://doaj.org/toc/fdb42333020841b0b6b1aec44ca594c6
942 _2ddc
942 _cDOAJEJ
999 _c74963
_d74963
945 _a1
_bMadushi Gamage
_c1
_dMadushi Gamage